| Tag |
First Indicator |
Second Indicator |
Subfields |
| LEADER |
00000cam a2200000 a 4500 |
| 001 |
in00001178821 |
| 005 |
20151001093840.0 |
| 008 |
930804s1994 ilu s000 0 eng |
| 010 |
|
|
|a 93030476
|
| 020 |
|
|
|a 0252063813 (alk. paper)
|
| 035 |
|
|
|a (OCoLC)28710569
|
| 035 |
|
|
|9 AGG4699AM
|
| 040 |
|
|
|a DLC
|c DLC
|d TXA
|d UtOrBLW
|
| 049 |
|
|
|a TXAM
|
| 050 |
0 |
0 |
|a PS3568.O2389
|b C68 1994
|
| 082 |
0 |
0 |
|a 811/.54
|2 20
|
| 100 |
1 |
|
|a Roberts, Len,
|d 1947-2007.
|
| 245 |
1 |
0 |
|a Counting the black angels :
|b poems /
|c by Len Roberts.
|
| 264 |
|
1 |
|a Urbana :
|b University of Illinois Press,
|c [1994]
|
| 264 |
|
4 |
|c ©1994
|
| 300 |
|
|
|a 113 pages ;
|c 21 cm.
|
| 336 |
|
|
|a text
|b txt
|2 rdacontent
|
| 337 |
|
|
|a unmediated
|b n
|2 rdamedia
|
| 338 |
|
|
|a volume
|b nc
|2 rdacarrier
|
| 999 |
|
|
|a MARS
|
| 999 |
f |
f |
|s e57718e1-1661-3240-ba3f-fe2f19130ee3
|i 335c67cc-c809-3039-8942-10c6116a7c01
|t 0
|
| 952 |
f |
f |
|p ric
|a Texas A&M University
|b Rellis Campus
|c Joint Library Facility
|d Remote Storage
|t 0
|e PS3568.O2389 C68 1994
|h Library of Congress classification
|i unmediated -- volume
|m A14818222176
|
| 998 |
f |
f |
|a PS3568.O2389 C68 1994
|t 0
|l Remote Storage
|